000
00279nam a22001217a 4500
008
170712b xxu||||| |||| 00| 0 eng d
041
_a
eng
080
_2
9ED
_a
030
100
_a
26
101
_a
ENC
245
_a
ENCYCLOPEDIA OF BAKING FINANCE
_c
MUNN.G.G
942
_2
udc
_c
BK
999
_c
20260
_d
20260